| Tag |
First Indicator |
Second Indicator |
Subfields |
| LEADER |
00000cjm a2200000 a 4500 |
| 001 |
in00001403035 |
| 005 |
20151020054145.0 |
| 007 |
sd fsngnn|||ee |
| 007 |
sd fsngnn|||ed |
| 008 |
970228r19961970nyumun i N/A d |
| 024 |
1 |
|
|a 2435662730
|
| 028 |
0 |
0 |
|a 7243 5 66273 0 7
|b EMI
|
| 028 |
0 |
0 |
|a CDU 7243 5 66273 0 7
|b EMI
|
| 028 |
0 |
0 |
|a 66273
|b EMI
|
| 035 |
|
|
|a (OCoLC)36468419
|
| 035 |
|
|
|9 AHN0571AM
|
| 040 |
|
|
|a GUZ
|c GUZ
|d CPL
|d TXA
|d UtOrBLW
|
| 041 |
0 |
|
|g eng
|
| 047 |
|
|
|a ft
|a nc
|a wz
|a po
|a pr
|a mz
|
| 048 |
|
|
|a ka01
|
| 049 |
|
|
|a TXAM
|
| 090 |
|
|
|a M22.C54
|b C48 1996
|
| 100 |
1 |
|
|a Chopin, Frédéric,
|d 1810-1849.
|
| 240 |
1 |
0 |
|a Piano music.
|k Selections
|
| 245 |
1 |
0 |
|a Chopin for dummies.
|
| 264 |
|
1 |
|a New York, NY :
|b EMI,
|c [1996]
|
| 264 |
|
4 |
|c ℗1996
|
| 300 |
|
|
|a 1 sound disc :
|b digital, stereo. ;
|c 4 3/4 in.
|
| 306 |
|
|
|a 000537
|a 000626
|a 000544
|a 000659
|a 000552
|a 000227
|a 000218
|a 000648
|a 000603
|a 000110
|a 000423
|a 000858
|
| 336 |
|
|
|a performed music
|b prm
|2 rdacontent
|
| 337 |
|
|
|a audio
|b s
|2 rdamedia
|
| 338 |
|
|
|a audio disc
|b sd
|2 rdacarrier
|
| 490 |
1 |
|
|a Classics for dummies
|
| 500 |
|
|
|a EMI: 7243 5 66273 0 7 (additional number on container: CDU 7243 5 66273 0 7).
|
| 511 |
0 |
|
|a Various pianists.
|
| 500 |
|
|
|a Previously released 1970-1992.
|
| 500 |
|
|
|a "Enhanced CD"--Container.
|
| 538 |
|
|
|a Runs on some CD-ROM drives with Macintosh, Windows 3.1, Windows 95 and Windows NT; 5 MB RAM; "this product will not work on older single-session CD-ROM drives and some newer multi-session drives"--Insert.
|
| 500 |
|
|
|a Program notes by David Foil (11 pages) inserted in container.
|
| 505 |
0 |
|
|a Fantasie-impromptu : in C-sharp minor, op. 66 (Andrea Lucchesini) (5:37) -- Nocturne no. 2 in E-flat, op. 9, no. 2 (Tzimon Barto) (6:26) -- Grande valse brilliante : in E-flat, op. 18 (Dmitri Alexeev) (5:44) -- Polonaise no. 6, op. 53 : "Heroic" (Maurizio Pollini) (6:59) -- Valse in A minor, op. 34, no. 2 (Augustin Anievas) (5:52) -- Etude in C minor, op. 10, no. 12 : "Revolutionary" (Andrei Gavrilov) (2:27) -- Etude in A-flat, op. 25, no. 1 : "Aeolian harp" (Gavrilov) (2:18) -- Nocturne no. 13 in C minor, op. 48, no. 1 (Andre Watts) (6:48) -- Prelude in D-flat, op. 28, no. 15 (Sostenuto) (Alexeev) (6:03) -- Prelude in B-flat minor, op. 28, no. 16 (Presto con fuoco) (Alexeev) (1:10) -- Mazurka in A minor, op. 17, no. 4 (Leif Ove Andsnes) (4:23) -- Ballade no. 1 in G minor, op. 23 (Pollini) (8:58).
|
| 500 |
|
|
|a Sound recording.
|
| 650 |
|
0 |
|a Piano music.
|
| 650 |
|
0 |
|a Music
|x Interactive multimedia.
|
| 650 |
|
0 |
|a Music appreciation
|v Music collections.
|
| 700 |
1 |
|
|a Lucchesini, Andrea,
|d 1965-
|e performer.
|
| 700 |
1 |
|
|a Barto, Tzimon,
|e performer.
|
| 700 |
1 |
|
|a Alexeev, Dmitri,
|e performer.
|
| 700 |
1 |
|
|a Pollini, Maurizio,
|d 1942-
|e performer.
|
| 700 |
1 |
|
|a Anievas, Agustin,
|d 1934-
|e performer.
|
| 700 |
1 |
|
|a Gavrilov, Andrei,
|d 1955-
|e performer.
|
| 700 |
1 |
|
|a Watts, Andre,
|e performer.
|
| 700 |
1 |
|
|a Andsnes, Leif Ove,
|d 1970-
|e performer.
|
| 710 |
2 |
|
|a EMI (Firm)
|
| 830 |
|
0 |
|a Classics for dummies.
|
| 999 |
|
|
|a MARS
|
| 999 |
f |
f |
|s 2d6d9e94-a0d6-331f-8302-d3cf2ac1bb06
|i da7b8244-f93c-3ad5-a024-c669cf1f86e4
|t 0
|
| 952 |
f |
f |
|p ric
|a Texas A&M University
|b Rellis Campus
|c Joint Library Facility
|d Remote Storage
|t 0
|e M22.C54 C48 1996
|h Library of Congress classification
|i audio -- audio disc
|m A14826518599
|
| 998 |
f |
f |
|a M22.C54 C48 1996
|t 0
|l Remote Storage
|